<?xml version="1.0" encoding="UTF-8"?>
<record
    xmlns:xsi="http://www.w3.org/2001/XMLSchema-instance"
    xsi:schemaLocation="http://www.loc.gov/MARC21/slim http://www.loc.gov/standards/marcxml/schema/MARC21slim.xsd"
    xmlns="http://www.loc.gov/MARC21/slim">

  <leader>04033nam a2200277   4500</leader>
  <controlfield tag="003">DO-SdBJH</controlfield>
  <controlfield tag="005">20260605132716.0</controlfield>
  <controlfield tag="008">260421b2025    |||da||| |||| 00| 0 spa d</controlfield>
  <datafield tag="040" ind1=" " ind2=" ">
    <subfield code="a">DO-SdBJH</subfield>
    <subfield code="b">spa</subfield>
    <subfield code="c">DO-SdBJH</subfield>
  </datafield>
  <datafield tag="041" ind1="0" ind2=" ">
    <subfield code="a">spa</subfield>
  </datafield>
  <datafield tag="090" ind1=" " ind2=" ">
    <subfield code="a">CT E-DHIH 0001</subfield>
    <subfield code="b">EGDDHH 2025</subfield>
  </datafield>
  <datafield tag="100" ind1="1" ind2=" ">
    <subfield code="a">Mancebo M. Rosa E.</subfield>
    <subfield code="e">sustentante</subfield>
  </datafield>
  <datafield tag="245" ind1="1" ind2="3">
    <subfield code="a">El uso de la tecnologia de reconocimiento facial en el Aeropuerto Internacional de las Am&#xE9;ricas AILA :</subfield>
    <subfield code="b">como mecanismo de seguridad y su impacto en los derechos humanos en el periodo 2022-2024 /</subfield>
    <subfield code="c">Rosa E. Mancebo M, Inmaculada M. Fr&#xED;as; asesor metodol&#xF3;gico Dominga M&#xE9;ndez Medina; asesor de contenido Jos&#xE9; Mosquea Brown.</subfield>
  </datafield>
  <datafield tag="260" ind1=" " ind2=" ">
    <subfield code="a">Santo Domingo, Rep&#xFA;blica Dominicana :</subfield>
    <subfield code="b">UNADE,</subfield>
    <subfield code="c">2025.</subfield>
  </datafield>
  <datafield tag="300" ind1=" " ind2=" ">
    <subfield code="a">xv, 54 p&#xE1;ginas :</subfield>
    <subfield code="b">Gr&#xE1;ficas e ilustraciones.</subfield>
  </datafield>
  <datafield tag="502" ind1=" " ind2=" ">
    <subfield code="a">Tesis y trabajo de grado (Maestr&#xED;a en Derechos Humanos y Derecho Internacional Humanitario) -- Universidad Nacional para la Defensa "General Juan Pablo Duarte y D&#xED;ez", -- Escuela de Graduados de Derechos Humanos y Derecho Internacional Humanitario, Santo Domingo 2025.</subfield>
  </datafield>
  <datafield tag="504" ind1=" " ind2=" ">
    <subfield code="a">Incluye referencias bibliogr&#xE1;ficas, ap&#xE9;ndice y anexos.</subfield>
  </datafield>
  <datafield tag="505" ind1=" " ind2=" ">
    <subfield code="a">Regulaciones y normativas nacionales e internacionales que rigen el uso de reconocimiento facial en aeropuertos -- Efectividad del reconocimiento facial en la prevenci&#xF3;n de amenazas y su contribuci&#xF3;n a la seguridad en el Aeropuerto Internacional de las Am&#xE9;ricas -- Riesgos y limitaciones del reconocimiento facial en t&#xE9;rminos de privacidad y derechos humanos.</subfield>
  </datafield>
  <datafield tag="520" ind1=" " ind2=" ">
    <subfield code="a">La presente investigaci&#xF3;n analiza el uso de la tecnolog&#xED;a de reconocimiento facial  en el Aeropuerto Internacional de las Am&#xE9;ricas (AILA) durante el periodo 2022-2024, haciendo an&#xE1;lisis en su funci&#xF3;n como mecanismo de seguridad nacional y en su posible impacto sobre los derechos humanos. Implementar sistemas biom&#xE9;tricos en espacios de gran flujo de personas, como son los aeropuertos es una respuesta a la novedad de digitaci&#xF3;n de los procesos migratorios, con los que se busca una mejor&#xED;a de la eficiencia y la capacidad de soluciones ante posibles amenazas. No obstante de esta tecnolog&#xED;a ha generado preocupaciones jur&#xED;dicas, &#xE9;ticas y sociales, de manera especial en torno al respeto de la privacidad el consentimiento informado de los usuarios y los riesgos de discriminaci&#xF3;n algor&#xED;tmica. En el aspecto metodol&#xF3;gico se sigue una estructura bajo un enfoque mixto con la combinaci&#xF3;n de t&#xE9;cnicas cualitativas y cuantitativas. Esta contemplado realizar encuestas a usuarios del aeropuerto , entrevistas semiestructuradas a personal de seguridad, autoridades y expertos  en derechos humanos, adem&#xE1;s de un an&#xE1;lisis documental a la normativa nacional  como la Ley No. 172-13 sobre Protecci&#xF3;n de Datos Personales, de igual manera con instrumentos internacionales relevantes materia de seguridad, privacidad y derechos fundamentales. El dise&#xF1;o de estudio es no experimental, de tipo transversal y descriptivo, ideal para el fen&#xF3;meno de su contexto real sin manipulaci&#xF3;n de variables. Este estudio se encuentra en una fase de recolecci&#xF3;n y an&#xE1;lisis de datos, sin embargo, se adelanta que los resultados aportan pruebas sobre los niveles de protecci&#xF3;n legal actual frente a uso de tecnolog&#xED;a biom&#xE9;trica en Rep&#xFA;blica Dominicana. De igual manera, se anticipa la existencia de vac&#xED;os legales y los riesgos que esto conlleva, proponiendo recomendaciones orientadas al desarrollo de una normativa acorde a la era digital que garantice el respeto, la transparencia institucional y el equilibrio entre seguridad y derechos fundamentales.</subfield>
  </datafield>
  <datafield tag="650" ind1=" " ind2="7">
    <subfield code="2">lemb</subfield>
    <subfield code="a">Reconocimiento facial</subfield>
    <subfield code="v">Tesis y disertaciones acad&#xE9;micas</subfield>
    <subfield code="x">Aspectos jur&#xED;dicos</subfield>
    <subfield code="y">2022-2024</subfield>
    <subfield code="z">Rep&#xFA;blica Dominicana</subfield>
  </datafield>
  <datafield tag="650" ind1=" " ind2="7">
    <subfield code="2">lemb</subfield>
    <subfield code="a">Seguridad aeroportuaria </subfield>
    <subfield code="v">Tesis y disertaciones acad&#xE9;micas</subfield>
    <subfield code="y">2022-2024</subfield>
    <subfield code="z">Rep&#xFA;blica Dominicana</subfield>
  </datafield>
  <datafield tag="700" ind1="1" ind2=" ">
    <subfield code="a">M. Fr&#xED;as, Inmaculada</subfield>
    <subfield code="e">sustentante</subfield>
  </datafield>
  <datafield tag="700" ind1="1" ind2=" ">
    <subfield code="a">M&#xE9;ndez Medina, Dominga</subfield>
    <subfield code="e">asesor metodologico</subfield>
  </datafield>
  <datafield tag="700" ind1="1" ind2=" ">
    <subfield code="a">Mosquea Brown, Jos&#xE9;</subfield>
    <subfield code="e">asesor de contenido</subfield>
  </datafield>
  <datafield tag="942" ind1=" " ind2=" ">
    <subfield code="2">CL</subfield>
    <subfield code="c">T</subfield>
  </datafield>
  <datafield tag="999" ind1=" " ind2=" ">
    <subfield code="c">8642</subfield>
    <subfield code="d">8642</subfield>
  </datafield>
  <datafield tag="952" ind1=" " ind2=" ">
    <subfield code="0">0</subfield>
    <subfield code="1">0</subfield>
    <subfield code="2">CL</subfield>
    <subfield code="4">0</subfield>
    <subfield code="7">0</subfield>
    <subfield code="8">TG</subfield>
    <subfield code="a">BJHA</subfield>
    <subfield code="b">BJHA</subfield>
    <subfield code="c">GEN</subfield>
    <subfield code="d">2026-06-05</subfield>
    <subfield code="i">25-02552</subfield>
    <subfield code="l">0</subfield>
    <subfield code="o">CT E-DHIH 0001 EGDDHH 2025</subfield>
    <subfield code="p">25-02552</subfield>
    <subfield code="r">2026-06-05 13:29:31</subfield>
    <subfield code="t">e.1</subfield>
    <subfield code="w">2026-06-05</subfield>
    <subfield code="y">T</subfield>
  </datafield>
</record>
